<?xml version="1.0" encoding="UTF-8"?>
<marc:record xmlns:marc="http://www.loc.gov/MARC21/slim">
   <marc:leader>00000nam a2200000 a 4500</marc:leader>
   <marc:datafield ind1="1" ind2=" " tag="100">
      <marc:subfield code="a">Wagner, Patrick</marc:subfield>
      <marc:subfield code="4">aut</marc:subfield>
      <marc:subfield code="e">Verfasser/-in</marc:subfield>
   </marc:datafield>
   <marc:datafield ind1=" " ind2=" " tag="653">
      <marc:subfield code="a">Deutschland</marc:subfield>
   </marc:datafield>
   <marc:datafield ind1=" " ind2=" " tag="653">
      <marc:subfield code="a">Nationalsozialismus</marc:subfield>
   </marc:datafield>
   <marc:datafield ind1=" " ind2=" " tag="653">
      <marc:subfield code="a">Terror</marc:subfield>
   </marc:datafield>
   <marc:datafield ind1=" " ind2=" " tag="653">
      <marc:subfield code="a">Drittes Reich</marc:subfield>
   </marc:datafield>
   <marc:datafield ind1=" " ind2=" " tag="653">
      <marc:subfield code="a">Geschichte 1920 - 1960</marc:subfield>
   </marc:datafield>
   <marc:datafield ind1=" " ind2=" " tag="653">
      <marc:subfield code="a">Polizei</marc:subfield>
   </marc:datafield>
   <marc:datafield ind1="0" ind2="0" tag="245">
      <marc:subfield code="a">Hitlers Kriminalisten</marc:subfield>
   </marc:datafield>
   <marc:datafield ind1="0" ind2="0" tag="245">
      <marc:subfield code="b">die deutsche Kriminalpolizei und der Nationalsozialismus zwischen 1920 und 1960</marc:subfield>
   </marc:datafield>
   <marc:datafield ind1=" " ind2="1" tag="264">
      <marc:subfield code="b">Beck</marc:subfield>
      <marc:subfield code="c">2002</marc:subfield>
   </marc:datafield>
   <marc:datafield ind1="1" ind2=" " tag="520">
      <marc:subfield code="a">Nach 1945 duckten sich Hitlers Kriminalisten weg - allein die Gestapo habe Terror und Schrecken verbreitet, die Kriminalpolizei aber sei unschuldig geblieben. Der Freiburger Historiker Patrick Wagner zerstört diese Legende. Er zeigt in seinem grundlegenden Buch, daß die vermeintlich "saubere" Kripo während der Zeit des NS-Regimes über 100.000 Menschen deportierte. Die Mehrheit dieser Häftlinge kam in den Lagern zu Tode. Wagner beschreibt diese Verbrechen der Kriminalpolizei vor dem Hintergrund ihrer Geschichte zwischen 1920 und 1960, also von der Weimarer Republik bis zur Frühgeschichte der Bundesrepublik, in der Hitlers Kriminalisten fast ausnahmslos reaktiviert wurden, ohne daß viel nach ihrer Rolle im Staat Hitlers gefragt worden wäre.</marc:subfield>
   </marc:datafield>
   <marc:datafield ind1="3" ind2=" " tag="024">
      <marc:subfield code="a">9783406494024</marc:subfield>
   </marc:datafield>
</marc:record>
